1248 1430 1783 1338 1617 1332 1008 1876 1656 1575 1405 1079 1140 1769 1112 1575 1994 1370 1865 1704 1870 1293 1038 1546 1481 1700 1324 1433 1480 1406 1273 1954 1988 1042 1031 1332 1782 1780 1795 1515 1447 1161 1994 1235 1797 1066 1623 1336 1342 1461 1124 1276 1420 1727 1382 1489 1455 1600 1245 1924 1476 1111 1008 1709 1826 1726 1964 1857 1057 1598 1824 1269 1738 1728 1705 1023 1641 1280 1583 1000 1158 1359 1729 1506 1799 1226 1190 1902 1365 1911 1280 1250 1070 1571 1519 1062 1298 1800 1637 BCNSPRNW ULIB Ver.6.0+V

เปลี่ยนเป็นภาษาไทย

Change to English
 แสดงรายละเอียดบรรณานุกรม
  กลับหน้าหลัก

Brief Record : Get Marc (ISO 2709) : E-mail record : QR code < ปิดหน้าต่าง
LEADER : 00000nam 2200000uu 4500
001    13399113725
003     ULIB
008    111220s2546||||th 000 0 tha d
020    ^a9749626982
060 04 ^aWA380^bป111บ 2546
245 00 ^aบริการสาธารณสุขกับการแสวงหากำไรเชิงธุรกิจ /^cสำนักงานปฎิรูประบบสุขภาพแห่งชาติ ; บรรณาธิการ, ปิติพร จันทรทัต ณ อยุธยา, วณี ปิ่นประทีป
250    ^aพิมพ์ครั้งที่ 1
260    ^aนนทบุรี :^bสำนักงาน,^c2546
300    ^a[6], 128 หน้า ;^c21 ซม.
650  7 ^aบริการทางการแพทย์
650  7 ^aพระราชบัญญัติสุขภาพแห่งชาติ
700 0  ^aปิติพร จันทรทัต ณ อยุธยา,^eบรรณาธิการ
700 0  ^aวณี ปิ่นประทีป,^eบรรณาธิการ
710 2  ^aสำนักงานปฏิรูประบบสุขภาพแห่งชาติ
945    ^p0^l0^i12432
945    ^p0^l0^i12282
995    ^aกัณชพร
999 ^a ใช้งานได้ทุกระบบ
รายการนี้ยังไม่มีแท็ก
คุณยังไม่ได้ล็อกอิน คุณสามารถมีกิจกรรมร่วมกับเว็บไซต์ได้ แต่ต้องล็อกอินก่อน ::
  ล็อกอิน

รายการสื่อสารสนเทศ

ลำดับที่ ประเภท เลขเรียก/บาร์โค้ด สถานที่ สถานะ
- ไม่พบข้อมูล -

รายการใกล้เคียง
    หัวเรื่อง [บริการทางการแพทย์]
    หัวเรื่อง [พระราชบัญญัติสุขภาพแห่งชาติ]

BibComment


ยังไม่เคยถูกคอมเมนท์

คอมเมนท์ทรัพยากรรายการนี้
  คอมเมนท์: บริการสาธารณสุขก..


 Copyright 2026. Bcnsprnw @Library